| 000 | 01049nam a2200253Ia 4500 | ||
|---|---|---|---|
| 999 |
_c54646 _d54646 |
||
| 001 | 21713 | ||
| 003 | GE_BSU | ||
| 005 | 20211215165827.0 | ||
| 008 | 181216s ||||ge |||||||||||||| ||geo|| | ||
| 040 | _cGE_BSU | ||
| 041 | _ageo | ||
| 080 | _a81'1 ჩ-69 | ||
| 100 |
_aჩიქობავა, არნოლდ _91234 |
||
| 245 |
_aზოგადი ენათმეცნიერება წ. 2 : _bძირითადი პრობლემები / _cარნოლდ ჩიქობავა. |
||
| 250 | _aმე-2 გამოცემა | ||
| 264 |
_aთბილისი : _bთბილ. სახელმწ. უნსტიტუტის გამ-ბა, _c1983. |
||
| 300 |
_a488 გვ. ; _c22 მ. |
||
| 504 | _aბიბლიოგრაფია გვ. 471-482 | ||
| 541 | _h2 ლ. 40თ. | ||
| 653 | _aზოგადი ენათმეცნიერება | ||
| 653 | _aქართული ენა | ||
| 653 | _aძირითადი პრობლემები | ||
| 942 |
_cBK _2udc |
||